[Event "US Open-110"]
[Site "Indianapolis"]
[Date "2009.08.04"]
[Round "4"]
[White "Scheunemann, Tim"]
[Black "Aaron, Deepak"]
[Result "0-1"]
[WhiteElo "1873"]
[BlackElo "2110"]
[PlyCount "68"]
[EventDate "2009.08.01"]
[EventType "swiss"]
[EventRounds "9"]
[EventCountry "USA"]
[SourceTitle "CBM 131 Extra"]
[Source "ChessBase"]
[SourceDate "2009.09.03"]
[SourceVersion "2"]
[SourceVersionDate "2009.09.16"]
[SourceQuality "1"]

1. Nf3 d5 2. c4 c6 3. b3 Nf6 4. e3 Bg4 5. Be2 e6 6. 0-0 Bd6 7. Bb2 0-0 8. d3 Nbd7 9. Nbd2 Re8 10. h3 Bh5 11. d4 Qe7 12. Ne5 Bxe2 13. Qxe2 Nf8 14. f4 Bb4 15. Nef3 Ne4 16. Nxe4 dxe4 17. Nd2 f5 18. a3 Bd6 19. b4 Bc7 20. g4 a5 21. Bc3 Qh4 22. Qg2 axb4 23. axb4 Ng6 24. Rxa8 Rxa8 25. gxf5 exf5 26. Nxe4 fxe4 27. f5 Nf8 28. f6 Ng6 29. f7+ Kh8 30. d5 Rf8 31. Qb2 Qg3+ 32. Kh1 Qxh3+ 33. Kg1 Qg3+ 34. Kh1 Be5 0-1

[Event "Hessen-ch U16"]
[Site "Bad Homburg"]
[Date "2005.??.??"]
[Round "3"]
[White "Garzinsky, Dominik"]
[Black "Scheunemann, Tim"]
[Result "1/2-1/2"]
[WhiteElo "1515"]
[BlackElo "1635"]
[PlyCount "88"]
[EventDate "2005.04.??"]
[EventType "swiss"]
[EventRounds "8"]
[EventCountry "GER"]
[SourceTitle "EXT 2007"]
[Source "ChessBase"]
[SourceDate "2006.11.23"]
[SourceVersion "1"]
[SourceVersionDate "2006.11.23"]
[SourceQuality "1"]

1. c4 c5 2. Nc3 Nc6 3. e3 Nf6 4. g3 g6 5. Bg2 Bg7 6. Nge2 0-0 7. 0-0 d6 8. h3 Bd7 9. a3 Rb8 10. Rb1 Ne5 11. d3 Qc8 12. Kh2 a6 13. Nf4 b5 14. Nfd5 Nxd5 15. Nxd5 Re8 16. f4 Nc6 17. Qc2 bxc4 18. dxc4 Bf5 19. e4 Nd4 20. Qd1 Bd7 21. Be3 e6 22. Nc3 Qc7 23. Qd3 Rb6 24. b4 Reb8 25. f5 Qd8 26. h4 Be5 27. Bg5 f6 28. fxg6 hxg6 29. Bf4 cxb4 30. axb4 Rxb4 31. Ra1 Bxf4 32. Rxf4 e5 33. Rf2 Rb2 34. Rxb2 Rxb2 35. Nd5 Bg4 36. Rf1 f5 37. Qe3 f4 38. Nxf4 exf4 39. Qxd4 fxg3+ 40. Kxg3 Rb3+ 41. Kxg4 Qd7+ 42. Kf4 Qf7+ 43. Kg4 Qe6+ 44. Kf4 Qf7+ 1/2-1/2